000 00556nam a2200193Ia 4500
999 _c23284
_d23284
003 OSt
005 20200214104531.0
008 190216s9999||||xx |||||||||||||| ||und||
020 _a9788182713949
040 _coclc
082 _a297
_bTHU/H
100 _aThurakkal, Abdurahman
_91976
245 0 _aHijra Charithravum Padhavum /
_cAbdurahman Thurakkal
250 _a1st ed.
260 _bIslamic Publishing House,
_c2008.
_aKozhikode:
300 _a59p
650 _aIslamic History
942 _cBK
_2ddc
_h297
_iTHU/H
_k297
_mTHU/H